Y la respuesta fue dada.

সংরক্ষণ করুন:
গ্রন্থ-পঞ্জীর বিবরন
প্রধান লেখক: Sandor, Malena
বিন্যাস: গ্রন্থ
ভাষা:Spanish
প্রকাশিত: Buenos Aires : Talia, 1965.
মালা:Coleccion argentina de teatro ; 43
LEADER 00705nam a22002051 4500
001 c000201802
003 CARM
005 20021125001900.0
008 851113s1965 ag 0 spa d
019 1 |a 4122134  |5 LACONCORD2021 
035 |a (OCoLC)15508754  |5 LACONCORD2021 
100 1 |a Sandor, Malena. 
245 1 0 |a Y la respuesta fue dada. 
260 |a Buenos Aires :  |b Talia,  |c 1965. 
300 |a 54p. 
440 0 |a Coleccion argentina de teatro ;  |v 43 
852 8 |b CARM  |h A2:AN24A0  |i B06383  |p 0297344  |f BK 
082 0 4 |a 862.6 
999 f f |i ab11d782-aaf6-5437-a21b-8db082db8c3b  |s 0e2f9fde-a343-57c0-983e-00fb19e6bd23 
952 f f |p Can circulate  |a CAVAL  |b CAVAL  |c CAVAL  |d CARM 1 Store  |e B06383  |f A2:AN24A0  |h Other scheme  |i book  |m 0297344